[Event "DEN Veterans-ch corr"]
[Site "Denmark"]
[Date "2001.??.??"]
[Round "?"]
[White "Horsbol, Knud"]
[Black "Dyrsting, Hjarne"]
[Result "1/2-1/2"]
[WhiteElo "1268"]
[BlackElo "1443"]
[PlyCount "76"]
[EventDate "2001.??.??"]
[EventType "tourn (corr)"]
[EventRounds "12"]
[EventCountry "DEN"]
[SourceTitle "Corr 2006"]
[Source "ChessBase"]
[SourceDate "2006.04.01"]
[SourceVersion "3"]
[SourceVersionDate "2006.04.01"]
[SourceQuality "1"]

1. Nc3 e6 2. d4 Bb4 3. Bd2 Nf6 4. a3 Be7 5. e4 d5 6. e5 Nfd7 7. Bd3 c5 8. dxc5 Nxc5 9. Nf3 Nc6 10. 0-0 0-0 11. Qc1 Re8 12. Nb5 Nxd3 13. cxd3 a6 14. Nbd4 f6 15. Bf4 Bd7 16. Re1 Rc8 17. Qe3 f5 18. Rac1 Rc7 19. b4 Qb8 20. h3 Rec8 21. Nb3 b6 22. Nfd4 Nxd4 23. Nxd4 Rc3 24. Ra1 b5 25. Rac1 Bd8 26. Nxf5 Rxc1 27. Rxc1 Rxc1+ 28. Qxc1 exf5 29. e6 Qc8 30. exd7 Qxc1+ 31. Bxc1 Kf7 32. Bb2 g6 33. f3 Ke6 34. Kf2 Kxd7 35. Ke3 Ke6 36. g4 Be7 37. Kf4 g5+ 38. Ke3 f4+ 1/2-1/2

[Event "DEN Veterans-ch corr"]
[Site "Denmark"]
[Date "2001.??.??"]
[Round "?"]
[White "Horsbol, Knud"]
[Black "Ros, Aksel"]
[Result "0-1"]
[WhiteElo "1268"]
[BlackElo "2166"]
[PlyCount "78"]
[EventDate "2001.??.??"]
[EventType "tourn (corr)"]
[EventRounds "12"]
[EventCountry "DEN"]
[SourceTitle "Corr 2006"]
[Source "ChessBase"]
[SourceDate "2006.04.01"]
[SourceVersion "3"]
[SourceVersionDate "2006.04.01"]
[SourceQuality "1"]

1. e4 c5 2. Nf3 Nc6 3. Bb5 g6 4. 0-0 Bg7 5. Nc3 Nd4 6. Bc4 e6 7. d3 Ne7 8. Nb5 Nxb5 9. Bxb5 0-0 10. d4 cxd4 11. Nxd4 a6 12. Be2 Qc7 13. Rb1 Qe5 14. Be3 Qxe4 15. Bf3 Qe5 16. Re1 Qc7 17. c3 d5 18. Qd2 Bd7 19. Bh6 e5 20. Bd1 Be6 21. Nf3 Nc6 22. Rc1 Rad8 23. Bb3 Rfe8 24. Bg5 f6 25. Bh4 Ne7 26. h3 Nf5 27. Kh2 e4+ 28. Bg3 Nxg3 29. fxg3 exf3 30. gxf3 Bf7 31. Rxe8+ Rxe8 32. Kg2 Qe5 33. Kf2 Qh5 34. h4 Bh6 35. f4 Re4 36. Rh1 d4 37. Bxf7+ Kxf7 38. cxd4 Qd5 39. Qb4 Rxd4 0-1